Tiểu thuyết Việt Nam hiện đại; T1
Gespeichert in:
| 1. Verfasser: | |
|---|---|
| Format: | Buch |
| Sprache: | Undetermined |
| Veröffentlicht: |
Hà Nội
ĐH và THCN
1974
|
| Schlagworte: | |
| Tags: |
Tag hinzufügen
Keine Tags, Fügen Sie den ersten Tag hinzu!
|
| Thư viện lưu trữ: | Trung tâm Học liệu Trường Đại học Cần Thơ |
|---|
| LEADER | 00611nam a2200193Ia 4500 | ||
|---|---|---|---|
| 001 | CTU_8389 | ||
| 008 | 210402s9999 xx 000 0 und d | ||
| 082 | |a 895.922309 | ||
| 082 | |b Đ250t/T1 | ||
| 100 | |a Phan Cự Đệ | ||
| 245 | 0 | |a Tiểu thuyết Việt Nam hiện đại; T1 | |
| 245 | 0 | |c Phan Cự Đệ | |
| 260 | |a Hà Nội | ||
| 260 | |b ĐH và THCN | ||
| 260 | |c 1974 | ||
| 526 | |a Văn học Việt Nam hiện đại 2 (1930 - 1945) | ||
| 526 | |b SG215 | ||
| 650 | |a vietnamese fiction - history and criticism | ||
| 980 | |a Trung tâm Học liệu Trường Đại học Cần Thơ | ||